Návrh hodnotenia kvality poskytovania služieb agentúr dočasného zamestnávania v PCA Slovakia, s.r.o. : Diplomová práca

Gespeichert in:
Bibliographische Detailangaben
1. Verfasser: Pavlíková, Andrea, 1987- (Verfasst von)
Weitere Verfasser: Homokyová, Mária, 1971- (Betreuung Doktorarbeit)
Format: Manuskript Buch
Sprache:Slowakisch
Veröffentlicht: Trnava : STU v Bratislave MTF UPMK, 2011
Schlagworte:
Online-Zugang:VAIS
Tags: Tag hinzufügen
Keine Tags, Fügen Sie das erste Tag hinzu!

MARC

LEADER 00000ntm a22000003a 4500
001 stu227197
005 20160719160511.0
008 110616s2011----xo------------------slo-d
040 |a STU  |b slo 
041 0 |a slo 
044 |a xo 
100 1 |a Pavlíková, Andrea,  |d 1987-  |4 aut  |X 37074  |7 A000037074 
242 0 0 |a Proposal of quality evaluation of services provided by temporary employment agencies in PCA Slovakia, s.r.o.   |y eng 
245 1 |a Návrh hodnotenia kvality poskytovania služieb agentúr dočasného zamestnávania v PCA Slovakia, s.r.o. :  |b Diplomová práca 
260 |a Trnava :  |b STU v Bratislave MTF UPMK,  |c 2011 
300 |a 80 s., CD-ROM 
650 7 |a priemyselné manažérstvo  |2 stusub 
650 7 |a Industrial Management  |2 estusub 
700 1 |a Homokyová, Mária,  |d 1971-  |4 ths  |u M4000  |U MTF Materiálovotechnologická fakulta  |T MTF Ústav priemyselného inžinierstva a manažmentu  |X 2756  |U M4000  |Y 84  |7 A000002756 
856 4 |a info a plný text  |u http://is.stuba.sk/zp/portal_zp.pl?podrobnosti=66984  |3 VAIS 
996 |c M*DP-10117  |l MMSKP  |s P  |a 0  |w stu227197_0001